| 000 | 01043cam a2200277 a 4500 | ||
|---|---|---|---|
| 001 | 000006988 | ||
| 005 | 20260305073955.0 | ||
| 008 | 900824s1989 ck b 001 0bspa | ||
| 020 | _a9589208002 (obra completa) | ||
| 020 | _a9589208029 (t. 1) | ||
| 020 | _a9589208010 (t. 2) | ||
| 082 |
_a923.587 _bL695t |
||
| 100 | 1 |
_aLibermann Z., Jacobo. _919435 |
|
| 245 | 1 | 0 |
_aTiempo de Bolivar, 1783-1830 / _cJacobo Libermann Z. ; prólogo, J.L. Salcedo Bastardo. |
| 260 |
_aCaracas : _bEdiciones Presidencia de la República, _c1989. |
||
| 300 |
_a2 v. ; _c25 cm. |
||
| 490 | 1 | _aPensadores latinoamericanos | |
| 500 | _a"Colección Pensadores latinoamericanos, Bolivia" | ||
| 504 | _aBibliografía :p. 1137-1153 | ||
| 600 | 1 | 0 |
_aBolívar, Simón, _d1783-1830 _9253 |
| 600 | 1 | 4 |
_aBOLIVAR, SIMÓN, _d1783-1830 _xCORRESPONDENCIA. _919436 |
| 651 | 4 |
_aAmérica Del Sur _xHistoria _yGUERRA DE INDEPENDENCIA, 1806-1830. _918080 |
|
| 700 | 1 |
_aSalcedo Bastardo, J.L., _epról. _918082 |
|
| 830 | 0 |
_aPensadores latinoamericanos _919437 |
|
| 999 |
_c6772 _d6772 |
||
| 040 | _aDO-SdBNP | ||